The High Deeds of Finn and other Bardic Romances of Ancient Ireland (Record no. 244004)
[ view plain ]
| 000 -LEADER | |
|---|---|
| fixed length control field | 01092cam a22003253a 4500 |
| 001 - CONTROL NUMBER | |
| control field | 14749 |
| 003 - CONTROL NUMBER IDENTIFIER | |
| control field | PGUSA |
| 005 - DATE AND TIME OF LATEST TRANSACTION | |
| control field | 20140828083321.0 |
| 008 - FIXED-LENGTH DATA ELEMENTS--GENERAL INFORMATION | |
| fixed length control field | 050121s2005||||xxu|||||s|||||000 | eng d |
| 040 ## - CATALOGING SOURCE | |
| Original cataloging agency | PGUSA |
| Language of cataloging | eng |
| 042 ## - AUTHENTICATION CODE | |
| Authentication code | dc |
| 050 #4 - LIBRARY OF CONGRESS CALL NUMBER | |
| Classification number | PB |
| 100 1# - MAIN ENTRY--PERSONAL NAME | |
| Personal name | Rolleston, T. W. |
| Fuller form of name | (Thomas William), |
| Dates associated with a name | 1857-1920 |
| 245 14 - TITLE STATEMENT | |
| Title | The High Deeds of Finn and other Bardic Romances of Ancient Ireland |
| Medium | [electronic resource] / |
| Statement of responsibility, etc | T. W. Rolleston |
| 260 ## - PUBLICATION, DISTRIBUTION, ETC. (IMPRINT) | |
| Name of publisher, distributor, etc | Project Gutenberg, |
| Date of publication, distribution, etc | 2005 |
| 506 ## - RESTRICTIONS ON ACCESS NOTE | |
| Terms governing access | Public domain in the USA. |
| 516 ## - TYPE OF COMPUTER FILE OR DATA NOTE | |
| Type of computer file or data note | Electronic text |
| 653 ## - INDEX TERM--UNCONTROLLED | |
| Uncontrolled term | Heroes -- Ireland -- Legends |
| 653 ## - INDEX TERM--UNCONTROLLED | |
| Uncontrolled term | Finn MacCool -- Legends |
| 653 ## - INDEX TERM--UNCONTROLLED | |
| Uncontrolled term | Bards and bardism |
| 653 ## - INDEX TERM--UNCONTROLLED | |
| Uncontrolled term | Cormac Mac Airt, King of Ireland, fl. 227-260 -- Legends |
| 653 ## - INDEX TERM--UNCONTROLLED | |
| Uncontrolled term | Tales -- Ireland |
| 653 ## - INDEX TERM--UNCONTROLLED | |
| Uncontrolled term | Mythology, Celtic -- Ireland |
| 653 ## - INDEX TERM--UNCONTROLLED | |
| Uncontrolled term | Epic literature, Irish -- Translations into English |
| 700 1# - ADDED ENTRY--PERSONAL NAME | |
| Personal name | Brooke, Stopford Augustus, |
| Dates associated with a name | 1832-1916 |
| 700 1# - ADDED ENTRY--PERSONAL NAME | |
| Personal name | Reid, Stephen, |
| Dates associated with a name | 1873-1948 |
| 830 #0 - SERIES ADDED ENTRY--UNIFORM TITLE | |
| Uniform title | Project Gutenberg |
| Volume number/sequential designation | 14749 |
| 856 40 - ELECTRONIC LOCATION AND ACCESS | |
| Uniform Resource Identifier | <a href="http://www.gutenberg.org/ebooks/14749">http://www.gutenberg.org/ebooks/14749</a> |
| 942 ## - ADDED ENTRY ELEMENTS (KOHA) | |
| Koha item type | eBooks |
| Withdrawn status | Lost status | Damaged status | Home library | Current library | Date acquired | Total Checkouts | Date last seen | Price effective from | Koha item type |
|---|---|---|---|---|---|---|---|---|---|
| Project Gutenberg | Project Gutenberg | 08/28/2014 | 08/28/2014 | 08/28/2014 | eBooks |